000 01185naa a22003137a 4500
001 BR8305706
003 BR-BrBNA
005 20240918175356.0
007 ta
008 230509b bl.||||| |||| 00| 0 por d
040 _aBR-BrBNA
_bpor
_cBiblioteca Nacional de Agricultura
041 _a(En)
072 _aL10
_b5217
090 _aL10 BR8305706
100 1 _aYanuzzi, L.
100 1 _aDi Berardino, D.
100 1 _aDi Meo, G.P.
100 1 _aLioi, M.B.
111 1 _a2. Symposium on Advanced Topics in Animal Reproduction
_cJaboticabal, SP (Brazil)
_d8-11 Aug 1983
245 1 _aChromosome banding homologies in asiatic and african buffalo [genetica animal, cromossoma, bufalo]
260 3 _aJaboticabal, SP (Brasil):
_c1983.
500 _aProceedings of the 2. Symposium on Advanced Topics in Animal Reproduction Jaboticabal, SP (Brasil): 1983. p. 263-275 (BR8305706-AM)L10
650 _aGENETICA ANIMAL
650 _aCROMOSSOMA
650 _aBUFALO
773 0 _tProceedings of the 2. Symposium on Advanced Topics in Animal Reproduction
_wL10 BR8305706
_gJaboticabal, SP (Brasil), 1983. p. 263-275
909 _a202404
_bLucia
_c55
_dLucia Elande
942 _cAM
_2AGRIS
999 _c316377
_d316377